Classification of nursing diagnoses: (Record no. 5672)

MARC details
000 -LEADER
fixed length control field 00625nam a22001937a 4500
003 - CONTROL NUMBER IDENTIFIER
control field OSt
005 - DATE AND TIME OF LATEST TRANSACTION
control field 20170310160951.0
008 - FIXED-LENGTH DATA ELEMENTS--GENERAL INFORMATION
fixed length control field 170310b xxu||||| |||| 00| 0 eng d
020 ## - INTERNATIONAL STANDARD BOOK NUMBER
International Standard Book Number 0397548125
040 ## - CATALOGING SOURCE
Transcribing agency 040a
082 ## - DEWEY DECIMAL CLASSIFICATION NUMBER
Classification number WY 100
Item number C614 1991
245 ## - TITLE STATEMENT
Title Classification of nursing diagnoses:
Remainder of title proceedings of the ninth conference /
Statement of responsibility, etc. Rose Mary Carroll-Johnson
260 ## - PUBLICATION, DISTRIBUTION, ETC. (IMPRINT)
Place of publication, distribution, etc. Philadelphia
Name of publisher, distributor, etc. J. B Lippincott company
Date of publication, distribution, etc. 1991
300 ## - PHYSICAL DESCRIPTION
Extent xx, 421p;
Dimensions 14 cm.
504 ## - BIBLIOGRAPHY, ETC. NOTE
Bibliography, etc Includes bibliographical references and index
650 ## - SUBJECT ADDED ENTRY--TOPICAL TERM
Topical term or geographic name as entry element Nursing diagnosis
9 (RLIN) 6489
700 ## - ADDED ENTRY--PERSONAL NAME
Personal name Carroll-Johnson, Rose Mary
9 (RLIN) 11822
942 ## - ADDED ENTRY ELEMENTS (KOHA)
Source of classification or shelving scheme Other/Generic Classification Scheme
Koha item type Open Shelf
Holdings
Withdrawn status Lost status Source of classification or shelving scheme Damaged status Not for loan Home library Current library Date acquired Source of acquisition Inventory number Total Checkouts Full call number Barcode Date last seen Price effective from Koha item type
    Other/Generic Classification Scheme     MUST Main Library MUST Main Library 10/03/2017   1995/7686   WY 100 C614 1991 2017-0369 10/03/2017 10/03/2017 Open Shelf